| 000 | 00724nam a22002177a 4500 | ||
|---|---|---|---|
| 003 | AR-BeUNQ | ||
| 005 | 20250716200012.0 | ||
| 020 | _a9789875583887 | ||
| 100 | _aGrassi, Luciano..[et.al] | ||
| 245 | 2 | _aArqueología del Terrorismo de Estado en el partido de Quilmes | |
| 250 | _a1a.ed | ||
| 260 |
_aBernal : _bUniversidad Nacional de Quilmes EDitorial 20 años, _c2016 |
||
| 500 | _aDerechos Humanos. Terrorismos de Estado. Historia Argentina | ||
| 700 | _aSondéreguer, María | ||
| 942 | _cLIB | ||
| 999 |
_c1066 _d1066 |
||